000 00622nam a22001577a 4500
005 20120501114958.0
020 _a8171003125
_c00..00
035 _aA-465502
037 _aDPL
_bENG
100 _aKapoor, Suneera
_946089
245 _aSri Aurobindo Ghosh and Bal Gangadhar Tilak :
_bThe spirit of freedom /
_cby Suneera Kapoor
260 _aNew Delhi
_bDeep and Deep Publications
_c1991
300 _a142p.
_c18 cms.
942 _2ddc
_cEN
_h323.4
_mKAP
999 _c65865
_d65865